Мятежная: роман; пер. с англ.

Dettagli Bibliografici
Autore principale: Рот В. Вероника
Riassunto:Сделанный выбор может изменить тебя — или разрушить...Но, что бы ты ни выбрала, последствия неизбежны.В мире, где живет Беатрис Прайор, нельзя существовать вне одной из фракций. Правдолюбие, Альтруизм, Лихость, Товарищест­во и Эрудиция... Беатрис выбрала Лихость. Казалось, можно от­праздновать, но иногда любой шаг ведет к пропасти, а сделанный выбор — к войне. В общине Товарищества, где Трис вместе с дру­гими лихачами укрывается от эрудитов, она узнает, что Джанин, лидер ее противников, владеет некоей информацией. Ради этих све­дений люди готовы на все. Из-за них погибли родители Беатрис. Теперь и она сама отчаянно пытается узнать правду.Но даже Трис не знает, что может потерять, открыв эту тайну...Впервые на русском языке!
Lingua:russo
Pubblicazione: Москва, Эксмо, 2014
Serie:Жестокие игры
Soggetti:
Natura: MixedMaterials Libro
KOHA link:https://koha.lib.tpu.ru/cgi-bin/koha/opac-detail.pl?biblionumber=316058

MARC

LEADER 00000nam0a2200000 4500
001 316058
005 20231102002834.0
010 |a 9785699605460 
035 |a (RuTPU)RU\TPU\book\341495 
090 |a 316058 
100 |a 20160314d2014 m y0rusy50 ca 
101 1 |a rus  |c eng 
102 |a RU 
105 |a y z 000ay 
200 1 |a Мятежная  |e роман  |e пер. с англ.  |f В. Рот 
210 |a Москва  |c Эксмо  |d 2014 
215 |a 447с. 
225 1 |a Жестокие игры 
330 |a Сделанный выбор может изменить тебя — или разрушить...Но, что бы ты ни выбрала, последствия неизбежны.В мире, где живет Беатрис Прайор, нельзя существовать вне одной из фракций. Правдолюбие, Альтруизм, Лихость, Товарищест­во и Эрудиция... Беатрис выбрала Лихость. Казалось, можно от­праздновать, но иногда любой шаг ведет к пропасти, а сделанный выбор — к войне. В общине Товарищества, где Трис вместе с дру­гими лихачами укрывается от эрудитов, она узнает, что Джанин, лидер ее противников, владеет некоей информацией. Ради этих све­дений люди готовы на все. Из-за них погибли родители Беатрис. Теперь и она сама отчаянно пытается узнать правду.Но даже Трис не знает, что может потерять, открыв эту тайну...Впервые на русском языке! 
606 1 |a Американская литература (англо-язычная литература)  |2 stltpush  |3 (RuTPU)RU\TPU\subj\28887  |9 52349 
610 1 |a романы 
610 1 |a фэнтези 
675 |a 82  |v 4 
700 1 |a Рот  |b В.  |g Вероника 
801 1 |a RU  |b 63413507  |c 20160314 
801 2 |a RU  |b 63413507  |c 20160420  |g RCR 
942 |c BK 
959 |a 11/20160128  |d 1  |e 304,00  |f ХФ:1